Quizzes
Events
Quiz Creation
Community
Videos
Private Events
Remove Ads
Sign In
Join for FREE
Feedback
Dark Mode
Quiz Categories
Sports
Geography
Music
Movies
Television
Just For Fun
Miscellaneous
History
Literature
Language
Science
Gaming
Entertainment
Religion
Holiday
For Kids
Quiz Lab
Recent
Popular Today
Quiz Kudos Today
Editor Picks
Curator Picks
Quizzes by...
Day
Popularity
Type
Ratings
Length
Year
Community
Subscriptions
Recent Discussions
Orange Saloon
Badges
Playlists
Quests
Create
Leaderboards
Showdown
Live 5
Trivia Bingo
Activity
Puzzle Library
Sporcle Events
Private Events
Virtual Trivia
Globe League
Become a Host
Pub Owners
SporcleCon
Opinionation
Our Games
Videos
Blog
Mobile Apps
Partnerships
Remove Ads and Go Orange
Feedback
Music
Pop Music
The Beatles
Song
Album
Lyrics
Bands
Singers
Artist
Clip
Rock
Rap
Classical
Billboard
Country Music
Kpop
Taylor Swift
Music
Pop Music
The Beatles
Song
Album
Lyrics
Bands
Singers
Artist
Clip
Rock
Rap
Classical
Billboard
Country Music
Kpop
Taylor Swift
Random Quiz
Search Sporcle
×
Quiz Lab
Quiz Lab
Music
Kpop
Click on answers out of a set of options
Click on answers out of a set of options
Multiple Choice
Best Score? Go Orange.
How well do you know Jimin? Stats
How well do you know Jimin?
By
Ruta
3m
13 Questions
18.9K Plays
18,908 Plays
18,908 Plays
Comments
Comments
Give Quiz Kudos
Give Quiz Kudos
-
- Ratings
hide this ad
Random Order
Randomize order of answers
Randomize order of answers
Replay
Link that replays current quiz
Next Quiz
Link to next quiz in quiz playlist
You Got
0%
They Got
Avg Score
79%
Avg Friend Score
Upgrade to see
Score Distribution
Jump to the score distribution portion of the page
Score
0/13
Timer
03:00
0
Plays Today
Question
Answer
Wrong Answers
Jimin real name is
Park
96.2%
Kim
1.1%
Im
0.3%
Lee
0.4%
Jimin is in charge of
Dance and vocals
94%
Dance, vocals and rap
2%
Dance and rap
1.3%
Rap and visual
0.7%
His hometown is
Busan
90.5%
Seoul
3.7%
Ulsan
1.6%
Daejeon
2.3%
Jimin solo song's title is
Lie
88.5%
Begin
2.1%
Stigma
3.4%
Awake
4.1%
Who always teases Jimin about his height
Jungkook
86%
V
4.9%
RM
4.3%
Suga
2.7%
Jimin were classmates in High School with
V
81.5%
Jungkook
8.6%
Suga
2.7%
J-Hope
5.2%
Jimin is a good friend of
Taemin
79.7%
Onew
2.6%
Key
3.7%
Jonghyun
12%
Jimin Favorite number is
3
79.3%
33
11.6%
333
5.4%
3333
1.7%
His birthday is
13 October 1995
78.7%
13 October 1996
9.5%
14 October 1995.
4.7%
15 October 1995
5.2%
Jimin zodiac sign is
Libra
69.6%
Pisces
8.2%
Leo
8.2%
Virgo
12%
Jimin is a fanboy of
Taeyang
66.4%
IU
5.9%
Daesung
8.4%
Taeyeon
17.2%
Jimin Blood Type is
A
61.4%
B
11.6%
O
12.6%
AB
12.4%
“You called these lyrics?!” Which member rejected his lyrics
Suga
60.4%
RM
24%
J-Hope
6.2%
Jin
7.2%
Quiz Playlist
Details
Report
Send in Message
Add To Playlist
Multiple Choice:
Click on answers out of a set of options
Random Order:
Randomize order of answers
Last Updated: Dec 1, 2017
Quiz Scoreboard
CHALLENGE
Sign Up to Join the Scoreboard
Show All
Scores
Hide
Comments
May contain spoilers
Recently Published
Alphabetical 'K' Countries by Flag Minefield
by ylime102
Geography
3m
Pick 6: Fruits
by JohnFran
Miscellaneous
15s
Click the 1999 NBA Draft
by nibperrychub
Sports
2m
More to Explore
Quiz From the Vault
Featured Blog Post
15 Basketball Trivia Facts You Can Be March Mad About
hide this ad
You Might Also Like...
Tags
Kpop Quiz
Bangtan
Bangtan Boys
BTS
Kpop Idol
Kpop Quiz
Today's Top Quizzes in Music
Browse Music
hide this ad
Today's Top Quizzes in Kpop
Browse Kpop
Top Contributed Quizzes in Music
1
Taylor Swift All Songs (2024)
2
KPOP LOGIC QUIZ
3
A Taylor Swift Logic Puzzle
4
Guess the Taylor Swift song (Mystery Song)
5
K-Pop Murder Mystery Logic Quiz
6
Taylor Swift Logic Puzzle
7
Guess The Taylor Swift Lyrics Song #1
8
kpop group name match up
9
NCT 2020 Logic Puzzle
10
K-Pop : 100 Debut Songs (Part 1 of 3)
Explore More
Trending Topics
Harry Potter
Disney
Marvel
Anime
NBA
Kpop
Crossword
WWE
Pokémon
Country
The Office
NFL
Puzzle
Song
Soccer
hide this ad
More By:
Ruta
Quiz
Plays
Rating
Category
Featured
Created
KPOP LOGIC QUIZ
478,463
3.46
Music
Dec 9, 2017
How well do you know Jungkook?
35,949
3.86
Music
Nov 14, 2017
How well do you know Taehyung?
32,749
4.00
Music
Nov 13, 2017
Quick Pick: BTS Lips
22,804
4.44
Music
Dec 12, 2017
How well do you know Jimin?
18,908
4.17
Music
Nov 16, 2017
Go to Creator's Profile
Score Distribution
Quiz Creator Spotlight
Ruta
Follow
Send a Message
Quizzes Created
-
Created Quiz Play Count
-
More By This Creator
Popular Quizzes Today
1
Countries of Asia Without Outlines Minefield
2
Find the US States - No Outlines Minefield
3
Pick 6: Fruits
4
Alphabetical 'K' Countries by Flag Minefield
5
The Countries of the World
6
Find the US States
7
US States
8
Match the Book to the Film X
More Music Quizzes
Identify The TWICE Members!
Quiz Lab
Trending Quizzes
Pick 6: Mountains
Pick 6: Harry Potter
Pick 6: NFL Teams
Pick 6: Movie Franchises
Pick 6: Golfers
Recently Updated
NWSL Teams
pecheneg
Women's Final Four Teams by Year
bhenderson79
Presidents Quartet II
eogle
Anything But Clue(do)
eogle
Anything But Oceanian Capitals
eogle
Anything But 7
eogle
Anything But Thing
eogle
Word Ladder: February 29
pecheneg
Song Title Questions
pecheneg
Women's NCAA Tournament #1 Seeds
pecheneg
Trending Topics
Crossword
Marvel
Kpop
Disney
Harry Potter
Anime
NBA
NFL
WWE
Puzzle
Song
Pokémon
Country
The Office
Soccer
Your Account Isn't Verified!
In order to create a playlist on Sporcle, you need to verify the email address you used during registration. Go to your
Sporcle Settings
to finish the process.
Report this User
Report this user for behavior that violates our
Community Guidelines
.
Details:
Send Report
Go to the Sporcle.com Mobile Site →
Comments